Mannschaften nach Bundesliga-Platzierungen 2001 – 2010 - Statistiken

Allgemein
  • Dieses Quiz wurde 557 mal gespielt
  • Das Durchschnittsergebnis liegt bei 16 aus 28
Antwortstatistiken
Mannschaft 00/01 01/02 02/03 03/04 04/05 05/06 06/07 % Korrekt
FC Bayern München 1 3 1 2 1 1 4
99%
Borussia Dortmund 3 1 3 6 7 7 9
87%
FC Schalke 04 2 5 7 7 2 4 2
87%
Bayer 04 Leverkusen 4 2 15 3 6 5 5
81%
VfL Wolfsburg 9 10 8 10 9 15 15
77%
SV Werder Bremen 7 6 6 1 3 2 3
76%
VfB Stuttgart 15 8 2 4 5 9 1
76%
Hertha BSC Berlin 5 4 5 12 4 6 10
66%
Hamburger SV 13 11 4 8 8 3 7
62%
TSG 1899 Hoffenheim
58%
1. FC Köln 10 17 18 17
56%
1. FC Kaiserslautern 8 7 14 15 12 16
55%
SC Freiburg 6 16 13 18
53%
VfL Bochum 18 9 5 16 8
52%
1. FSV Mainz 05 11 11 16
51%
Borussia Mönchengladbach 12 12 11 15 10 18
51%
TSV 1860 München 11 9 10 17
51%
1. FC Nürnberg 15 17 14 8 6
50%
Energie Cottbus 14 13 18 13
49%
Eintracht Frankfurt 17 16 14 14
48%
FC Hansa Rostock 12 14 13 9 17
47%
Alemannia Aachen 17
46%
SpVgg Unterhaching 16
46%
Hannover 96 11 14 10 12 11
45%
MSV Duisburg 18
44%
DSC Arminia Bielefeld 16 13 13 12
43%
Karlsruher SC
40%
FC St. Pauli 18
35%
Keine übereinstimmenden Quizze gefunden
Verteilung der Resultate
Anzahl Personen mit jedem Resultat
Perzentil nach korrekt beantworteten Fragen
Ihre Resultats-Entwicklung
Sie haben dieses Quiz noch nicht gespielt